| 000 | 00374pab a2200157 454500 | ||
|---|---|---|---|
| 008 | 180718b2011 xxu||||| |||| 00| 0 eng d | ||
| 100 | _aMukherjee, Dhurjati | ||
| 245 | _aProtecting soil: Challenges for controlling erosion | ||
| 260 | _c2011 | ||
| 300 | _ap.45-48. | ||
| 362 | _aJun | ||
| 650 | _aSoil erosion | ||
| 773 | _aKurukshetra | ||
| 908 | _aN | ||
| 909 | _a92004 | ||
| 999 |
_c92004 _d92004 |
||